Sardar Vallabhbhai Patel: Builder of India’s steel frame (Record no. 523789)

000 -LEADER
fixed length control field 00847nam a22001457a 4500
008 - FIXED-LENGTH DATA ELEMENTS--GENERAL INFORMATION
fixed length control field 230927b ||||| |||| 00| 0 eng d
100 ## - MAIN ENTRY--PERSONAL NAME
Personal name Mohan, Saumitra
245 ## - TITLE STATEMENT
Title Sardar Vallabhbhai Patel: Builder of India’s steel frame
260 ## - PUBLICATION, DISTRIBUTION, ETC. (IMPRINT)
Place of publication, distribution, etc The Administrator : Journal of LBSNAA
300 ## - PHYSICAL DESCRIPTION
Extent 62(1), Jan, 2023: p. 21-30
520 ## - SUMMARY, ETC.
Summary, etc Sardar Vallabhbhai Patel was a mass leader, politician, administrator and on astute diplomat. A patriot to the one, Sardar Patel was inhumed with practical sagacity and ranks amongst the greatest architects of free India. The contribution of Sadar Vallabhbhai Patel Known as the ‘Iron Man of India’ to the Indian freedom struggle has been remarkable and incomparable. – Reproduced
773 ## - HOST ITEM ENTRY
Main entry heading The Administrator : Journal of LBSNAA
906 ## - LOCAL DATA ELEMENT F, LDF (RLIN)
Subject DIP SARDAR VALLABH BHAI PATEL
942 ## - ADDED ENTRY ELEMENTS (KOHA)
Item type Articles
Holdings
Withdrawn status Lost status Source of classification or shelving scheme Damaged status Not for loan Permanent location Current location Date acquired Serial Enumeration / chronology Barcode Date last seen Koha item type
          Indian Institute of Public Administration Indian Institute of Public Administration 2023-09-27 62(1), Jan, 2023: p. 21-30 AR129687 2023-09-27 Articles

Powered by Koha